000 00374nam a22001337a 4500
008 250311b |||||||| |||| 00| 0 eng d
020 _a0887309143
050 _aHD 9696
_b.D45
100 _aDell Michael
245 _aDirect From Dell Strategies that Revolutiolized an Industry
260 _aNew York
_bHarper Collins Publishers, Inc.
_c1998
300 _a235p.
942 _cBK
999 _c2230
_d2230